Bharatanatyam : (Record no. 41610)

MARC details
000 -LEADER
fixed length control field 00867nam a22002537a 4500
005 - DATE AND TIME OF LATEST TRANSACTION
control field 20100813134333.0
010 ## - LCCN (DPL NO)
LC control number ENG-100336
020 ## - INTERNATIONAL STANDARD BOOK NUMBER
International Standard Book Number 0198065396
Terms of availability 795.00
020 ## - INTERNATIONAL STANDARD BOOK NUMBER
International Standard Book Number 9780198065395
Terms of availability 795.00
035 ## - SYSTEM CONTROL NUMBER
System control number EN-83868
037 ## - SOURCE OF ACQUISITION
Source of stock number/acquisition DBAD/PUB
082 ## - DEWEY DECIMAL CLASSIFICATION NUMBER
Classification number 793.31954
245 ## - TITLE STATEMENT
Title Bharatanatyam :
Remainder of title a reader /
Statement of responsibility, etc edited by Davesh Soneji
260 ## - PUBLICATION, DISTRIBUTION, ETC. (IMPRINT)
Place of publication, distribution, etc New Delhi
Name of publisher, distributor, etc Oxford University Press
Date of publication, distribution, etc 2010
270 ## - ADDRESS
Address YMCA Library Building, Jai Singh Road
City New Delhi
Postal code 110001
300 ## - PHYSICAL DESCRIPTION
Extent li, 410p.
Dimensions 22cm (Hb)
650 ## - SUBJECT ADDED ENTRY--TOPICAL TERM
Topical term or geographic name as entry element Bharatanatyam
650 ## - SUBJECT ADDED ENTRY--TOPICAL TERM
Topical term or geographic name as entry element Civilization
650 ## - SUBJECT ADDED ENTRY--TOPICAL TERM
Topical term or geographic name as entry element India
650 ## - SUBJECT ADDED ENTRY--TOPICAL TERM
Topical term or geographic name as entry element Dance
700 ## - ADDED ENTRY--PERSONAL NAME
Personal name Soneji, Davesh
9 (RLIN) 12602
942 ## - ADDED ENTRY ELEMENTS (KOHA)
Source of classification or shelving scheme Dewey Decimal Classification
Item type English Books
Classification part 793.31954
Call number suffix BHA
Holdings
Withdrawn status Lost status Not for loan Collection code Home library Current library Date acquired Source of acquisition Cost, normal purchase price Full call number Barcode Copy number Cost, replacement price Koha item type
    Not For Loan Non-fiction D.B.Act.Division D.B.Act.Division 13/08/2010 DBAD/PUB 795.00 793.31954 BHA EN-83868 1 795.00 English Books

© Delhi Public Library
Hit Counter
free hit counter